|
|
|
|
| LEADER |
01481nam a2200277 u 4500 |
| 001 |
10085393 |
| 003 |
upatras |
| 005 |
20210317133411.0 |
| 008 |
100526s2003 gr gre |
| 020 |
|
|
|a 9609216600
|
| 040 |
|
|
|a GR-PaULI
|c GR-PaULI
|
| 041 |
0 |
|
|a gre
|a eng
|
| 082 |
0 |
4 |
|a 363.69
|
| 100 |
1 |
|
|a Κωνστάντιος, Δημήτριος Ν.
|9 42076
|
| 245 |
1 |
0 |
|a Η πόλη, το μουσείο, το μνημείο
|b δοκίμια πολιτιστικής διαχείρισης
|c Δημήτριος Κωνστάντιος
|
| 260 |
|
|
|a Αθήνα
|b SCRIPTA
|c 2003
|
| 300 |
|
|
|a 211 σ.
|b εικ., πίν., σχήμ.
|c 28 εκ.
|
| 650 |
|
4 |
|a Πολιτιστική κληρονομιά
|z Ελλάδα
|9 9858
|
| 650 |
|
4 |
|a Μουσεία
|z Ελλάδα
|9 5448
|
| 852 |
|
|
|a GR-PaULI
|b ΠΑΤΡΑ
|b ΒΚΠ
|b ΒΣ1
|k ΑΣΧΕ
|h 363.69 ΚΩΝ
|m 100657
|p 025000183384
|t 2
|
| 852 |
|
|
|a GR-PaULI
|b ΠΑΤΡΑ
|b ΒΚΠ
|b ΒΣ1
|k ΟΧΙΔ
|h 363.69 ΚΩΝ
|m 100610
|p 025000182534
|t 1
|
| 942 |
|
|
|2 ddc
|c BK15
|
| 952 |
|
|
|0 0
|1 0
|2 ddc
|4 0
|6 363_690000000000000_ΚΩΝ
|7 0
|9 91212
|a LISP
|b LISP
|c BSC
|d 2016-04-24
|i 100657
|l 2
|o 363.69 ΚΩΝ
|p 025000183384
|r 2018-04-25 00:00:00
|s 2016-10-17
|t 2
|w 2016-04-24
|y BK15
|
| 952 |
|
|
|0 0
|1 0
|2 ddc
|4 0
|6 363_690000000000000_ΚΩΝ
|7 0
|9 91213
|a LISP
|b LISP
|c BSC
|d 2016-04-24
|i 100610
|l 0
|o 363.69 ΚΩΝ
|p 025000182534
|r 2016-04-24 00:00:00
|t 1
|w 2016-04-24
|y BK15
|
| 998 |
|
|
|c ΜΠΟΥΡΑΣ
|d 2010-05
|
| 999 |
|
|
|c 61158
|d 61158
|